[Event "Rowy Jantar op-C 11th"]
[Site "Rowy"]
[Date "2002.06.14"]
[Round "7"]
[White "Skrzypczak, Tomasz"]
[Black "Ciesla, Marek"]
[Result "1/2-1/2"]
[WhiteElo "1800"]
[BlackElo "1800"]
[PlyCount "23"]
[EventDate "2002.06.??"]
[EventType "swiss"]
[EventRounds "8"]
[EventCountry "POL"]
[SourceTitle "EXT 2006"]
[Source "ChessBase"]
[SourceDate "2005.11.24"]
[SourceVersion "1"]
[SourceVersionDate "2005.11.24"]
[SourceQuality "1"]

1. e4 c5 2. Nf3 Nc6 3. d4 cxd4 4. Nxd4 e5 5. Nb5 d6 6. c4 Be7 7. N1c3 a6 8. Na3 Be6 9. Be3 Bg5 10. Be2 Bxe3 11. fxe3 Qh4+ 12. g3 1/2-1/2

[Event "Rowy Jantar op-C 11th"]
[Site "Rowy"]
[Date "2002.06.11"]
[Round "4"]
[White "Gorelenkov, Jurij"]
[Black "Ciesla, Marek"]
[Result "1-0"]
[WhiteElo "1800"]
[BlackElo "1800"]
[PlyCount "51"]
[EventDate "2002.06.??"]
[EventType "swiss"]
[EventRounds "8"]
[EventCountry "POL"]
[SourceTitle "EXT 2006"]
[Source "ChessBase"]
[SourceDate "2005.11.24"]
[SourceVersion "1"]
[SourceVersionDate "2005.11.24"]
[SourceQuality "1"]

1. d4 c5 2. Nf3 Nf6 3. c4 e6 4. Nc3 a6 5. Bg5 cxd4 6. Nxd4 Nc6 7. e3 Be7 8. Be2 0-0 9. 0-0 d6 10. f4 Nd7 11. Nf3 f6 12. Bh4 Qb6 13. Qd2 Re8 14. Bf2 Qc7 15. Nd4 Nf8 16. Bg3 Bd7 17. Rac1 Rad8 18. Bd3 f5 19. Nf3 Bf6 20. Bf2 Ng6 21. Nd4 Qb8 22. Nb3 Nf8 23. e4 e5 24. exf5 e4 25. Bxe4 Rxe4 26. Qd5+ 1-0

[Event "Rowy Jantar op-C 11th"]
[Site "Rowy"]
[Date "2002.06.10"]
[Round "3"]
[White "Ciesla, Marek"]
[Black "Butsko, Ivan"]
[Result "1-0"]
[WhiteElo "1800"]
[BlackElo "1600"]
[PlyCount "76"]
[EventDate "2002.06.??"]
[EventType "swiss"]
[EventRounds "8"]
[EventCountry "POL"]
[SourceTitle "EXT 2006"]
[Source "ChessBase"]
[SourceDate "2005.11.24"]
[SourceVersion "1"]
[SourceVersionDate "2005.11.24"]
[SourceQuality "1"]

1. e4 c5 2. Nf3 a6 3. d4 cxd4 4. Nxd4 Nf6 5. Nc3 e5 6. Nf3 Nc6 7. a3 h6 8. Bc4 Bc5 9. 0-0 0-0 10. h3 d6 11. Re1 Be6 12. Bd5 Bxd5 13. Nxd5 Nxd5 14. Qxd5 Qb6 15. Re2 Nd4 16. Nxd4 Bxd4 17. c3 Bxf2+ 18. Rxf2 Kh8 19. Qd3 Rad8 20. Be3 Qc6 21. Rd1 f6 22. Qd5 Qc7 23. Rfd2 Rf7 24. Qb3 b5 25. Kh2 Rfd7 26. a4 Qc6 27. Qd5 Qxd5 28. Rxd5 bxa4 29. Ra5 Rb7 30. Bc1 Rb6 31. Rxa4 g6 32. Ra5 Kg7 33. Rad5 h5 34. c4 Rc8 35. Rxd6 Rxd6 36. Rxd6 Rxc4 37. Bd2 Rd4 38. Rxa6 Rxd2 1-0